Normal view
MARC view
Entry Topical Term
001 - CONTROL NUMBER
- control field: 1234373
003 - CONTROL NUMBER IDENTIFIER
- control field: OSt
005 - DATE AND TIME OF LATEST TRANSACTION
- control field: 20260408150631.0
008 - FIXED-LENGTH DATA ELEMENTS
- fixed length control field: 260408|| aca||aabn | a|a d
040 ## - CATALOGING SOURCE
- Original cataloging agency: OSt
- Transcribing agency: OSt
150 ## - HEADING--TOPICAL TERM
- Topical term or geographic name entry element: काव्यशास्त्र
670 ## - SOURCE DATA FOUND
- Source citation: Work cat.: (OSt)1467325: चौधुरी, इन्द्र नाथ 863167, भारतीय काव्यशास्त्र का विवेचनात्मक संक्षिप्त इतिहास , 2021.
